[Event "Andalucia-chT Honor Occidental"]
[Site "Andalucia"]
[Date "2018.10.14"]
[Round "3.5"]
[White "Garcia Jimenez, Santiago"]
[Black "Lirio Garcia, Carlos"]
[Result "1-0"]
[WhiteElo "2101"]
[BlackElo "1718"]
[PlyCount "99"]
[EventDate "2018.09.30"]
[EventType "team-tourn"]
[EventRounds "7"]
[EventCountry "ESP"]
[SourceTitle "EXT 2020"]
[Source "ChessBase"]
[SourceDate "2019.10.17"]
[SourceVersion "1"]
[SourceVersionDate "2019.10.17"]
[SourceQuality "1"]
[WhiteTeam "Oromana CEN Solutions"]
[BlackTeam "Espartinas Alekhine"]
[WhiteTeamCountry "ESP"]
[BlackTeamCountry "ESP"]

1. c4 Nf6 2. g3 g6 3. Bg2 Bg7 4. Nc3 0-0 5. e4 d6 6. Nge2 c5 7. d3 Nc6 8. 0-0 a6 9. Rb1 Rb8 10. a3 b5 11. cxb5 axb5 12. b4 cxb4 13. axb4 e5 14. h3 Qb6 15. Be3 Nd4 16. Kh1 Bb7 17. f4 Ne8 18. f5 gxf5 19. Rxf5 Qc6 20. Nxd4 exd4 21. Nd5 Qd7 22. Bf4 Bxd5 23. Rxd5 f6 24. Rxd4 f5 25. e5 Kh8 26. Rd5 Rd8 27. exd6 Nf6 28. Rc5 Qf7 29. Rxf5 Qg6 30. Rg5 Qe8 31. Re5 Qd7 32. Re7 Qf5 33. Re5 Qd7 34. Rc5 Rfe8 35. Qf1 Qe6 36. Re5 Qa2 37. Rxe8+ Rxe8 38. Re1 Rd8 39. Qe2 Qb3 40. Bc6 Qxb4 41. Qe7 Qa5 42. d7 Qb6 43. Rc1 Ng8 44. Qc5 Qxc5 45. Rxc5 Nf6 46. Rxb5 Nxd7 47. Rd5 Bf6 48. Rxd7 Rc8 49. Be4 Bg7 50. Bh6 1-0